Werkstoffeigenschaften und Mikrostruktur /

Gespeichert in:
Bibliographische Detailangaben
Hauptverfasser: Vollertsen, Frank (Verfasst von), Vogler, Sigmund (Verfasst von)
Format: Buch
Sprache:Deutsch
Veröffentlicht: Wien-München : Carl Hanser Verlag, 1989
Schlagworte:
Tags: Tag hinzufügen
Keine Tags, Fügen Sie das erste Tag hinzu!

MARC

LEADER 00000nam a22000003a 4500
001 stu42434
005 20150617225720.2
008 940405s1989----gw------------------ger-d
020 |a 3-446-15584-8 
040 |a STU  |b slo 
041 0 |a ger 
044 |a gw 
080 |a 620.22 
080 |a 669.017 
100 1 |a Vollertsen, Frank  |4 aut 
245 1 |a Werkstoffeigenschaften und Mikrostruktur /  |c [aut.]Frank Vollertsen, Sigmund Vogler 
260 |a Wien-München :  |b Carl Hanser Verlag,  |c 1989 
300 |a 291 s 
650 7 |a materiály  |2 stusub 
650 7 |a náuka  |2 stusub 
650 7 |a mikroštruktúry  |2 stusub 
700 1 |a Vogler, Sigmund  |4 aut 
996 |b 284M026009  |c M*8632-1  |l MMKN  |s A  |a 24  |w stu42434_0001